| 000 | 00652nam a22002177a 4500 | ||
|---|---|---|---|
| 008 | 130821s1985 ag gr spa | ||
| 020 | _a068304575X | ||
| 040 |
_aCo-BoUCM _bspa |
||
| 041 | 0 | 0 | _aspa |
| 060 |
_aWE 500 _bK33m 2a. ed |
||
| 100 | _aKendall, Florence Peterson | ||
| 245 | 0 | 0 |
_aMúsculos pruebas y funciones _cFlorence Peterson |
| 250 | _a2a. ed | ||
| 260 |
_aBuenos Aires (Argentina) _bEditorial Jims _c1985 |
||
| 300 | _a325 páginas | ||
| 650 | 0 | 4 |
_aFisiología _915925 |
| 650 | 0 | 4 |
_aMiología _919588 |
| 650 | 0 | 4 |
_aRehabilitación _9361 |
| 700 | _aKendall McCreary, Elizabeth | ||
| 942 |
_cLIBRO _a15 _e2 _mK33M _2NLM _hWE 500 _n0 |
||
| 999 |
_c83241 _d83241 |
||